Statistics for Five Busiest Air Routes by Airport #2

Click here to take the quiz!

General Stats

  • This quiz has been taken 315 times
  • The average score is 23 of 40

Answer Stats

HintAnswer% Correct
Basel-EuroAirportParis-Charles de Gaulle
91%
Dammam-King FahdDubai
90%
Basel-EuroAirportLondon-Heathrow
88%
Palma de MallorcaLondon-Gatwick
87%
DenverLos Angeles
87%
Minneapolis-St. PaulLos Angeles
87%
DenverSan Francisco
86%
DenverChicago-O'Hare
83%
Palma de MallorcaFrankfurt
79%
Dammam-King FahdDoha-Hamad
76%
Singapore-ChangiKuala Lumpur
76%
DenverSeattle-Tacoma
74%
Singapore-ChangiJakarta
72%
Dammam-King FahdRiyadh-King Khalid
72%
Basel-EuroAirportAmsterdam-Schiphol
71%
London-LutonAmsterdam-Schiphol
71%
Singapore-ChangiBangkok-Suvarnabhumi
70%
Singapore-ChangiHong Kong
68%
Dammam-King FahdJeddah-King Abdulaziz
68%
Burbank-Bob HopeLas Vegas-McCarran
65%
Basel-EuroAirportBerlin-Schonefeld
64%
Minneapolis-St. PaulChicago-O'Hare
63%
Burbank-Bob HopePhoenix-Sky Harbor
62%
DenverPhoenix-Sky Harbor
62%
Minneapolis-St. PaulAtlanta-Hartsfield Jackson
55%
Minneapolis-St. PaulDenver
52%
Minneapolis-St. PaulPhoenix-Sky Harbor
50%
Dammam-King FahdCairo
39%
Palma de MallorcaDusseldorf
37%
Palma de MallorcaHamburg
35%
Singapore-ChangiTaipei-Taoyuan
35%
London-LutonCopenhagen
34%
Burbank-Bob HopeSan Jose
30%
London-LutonWarsaw-Chopin
28%
Palma de MallorcaCologne
24%
Burbank-Bob HopeOakland
22%
London-LutonBudapest-Liszt
20%
London-LutonBucharest-Coanda
12%
Basel-EuroAirportPalma de Mallorca
7%
Burbank-Bob HopeSacremento
3%

Score Distribution

Percentile by Number Answered

Percent of People with Each Score

Your Score History

You have not taken this quiz